<?xml version="1.0" encoding="UTF-8"?>
<record
    xmlns:xsi="http://www.w3.org/2001/XMLSchema-instance"
    xsi:schemaLocation="http://www.loc.gov/MARC21/slim http://www.loc.gov/standards/marcxml/schema/MARC21slim.xsd"
    xmlns="http://www.loc.gov/MARC21/slim">

  <leader>02056    a2200241   4500</leader>
  <controlfield tag="003">NALT</controlfield>
  <controlfield tag="005">20240514110412.0</controlfield>
  <controlfield tag="008">240402b        th ||||| |||| 00| 0 tha d</controlfield>
  <datafield tag="020" ind1=" " ind2=" ">
    <subfield code="a">9786164860858</subfield>
  </datafield>
  <datafield tag="040" ind1=" " ind2=" ">
    <subfield code="a">NALT</subfield>
  </datafield>
  <datafield tag="050" ind1=" " ind2=" ">
    <subfield code="a">DS 588.N6</subfield>
    <subfield code="b">&#xE20;522&#xE25; 2566</subfield>
  </datafield>
  <datafield tag="100" ind1="0" ind2=" ">
    <subfield code="a">&#xE20;&#xE34;&#xE0D;&#xE0D;&#xE1E;&#xE31;&#xE19;&#xE18;&#xE38;&#xE4C; &#xE1E;&#xE08;&#xE19;&#xE30;&#xE25;&#xE32;&#xE27;&#xE31;&#xE13;&#xE22;&#xE4C;.</subfield>
    <subfield code="9">36343</subfield>
  </datafield>
  <datafield tag="245" ind1="1" ind2="0">
    <subfield code="a">&#xE25;&#xE49;&#xE32;&#xE19;&#xE19;&#xE32;&#xE17;&#xE35;&#xE48;&#xE40;&#xE1E;&#xE34;&#xE48;&#xE07;&#xE2A;&#xE23;&#xE49;&#xE32;&#xE07; : </subfield>
    <subfield code="b">&#xE20;&#xE32;&#xE04;&#xE40;&#xE2B;&#xE19;&#xE37;&#xE2D;&#xE2B;&#xE25;&#xE31;&#xE07;&#xE1B;&#xE0F;&#xE34;&#xE27;&#xE31;&#xE15;&#xE34;&#xE2A;&#xE22;&#xE32;&#xE21; /</subfield>
    <subfield code="c">&#xE20;&#xE34;&#xE0D;&#xE0D;&#xE1E;&#xE31;&#xE19;&#xE18;&#xE38;&#xE4C; &#xE1E;&#xE08;&#xE19;&#xE30;&#xE25;&#xE32;&#xE27;&#xE31;&#xE13;&#xE22;&#xE4C;.</subfield>
  </datafield>
  <datafield tag="250" ind1=" " ind2=" ">
    <subfield code="a">&#xE1E;&#xE34;&#xE21;&#xE1E;&#xE4C;&#xE04;&#xE23;&#xE31;&#xE49;&#xE07;&#xE41;&#xE23;&#xE01;.</subfield>
  </datafield>
  <datafield tag="260" ind1=" " ind2=" ">
    <subfield code="a">&#xE01;&#xE23;&#xE38;&#xE07;&#xE40;&#xE17;&#xE1E;&#xE2F; :</subfield>
    <subfield code="b">&#xE28;&#xE22;&#xE32;&#xE21;,</subfield>
    <subfield code="c">2566.</subfield>
  </datafield>
  <datafield tag="300" ind1=" " ind2=" ">
    <subfield code="a">xiv, 492 &#xE2B;&#xE19;&#xE49;&#xE32; : </subfield>
    <subfield code="b">&#xE20;&#xE32;&#xE1E;&#xE1B;&#xE23;&#xE30;&#xE01;&#xE2D;&#xE1A;, &#xE15;&#xE32;&#xE23;&#xE32;&#xE07; ; </subfield>
    <subfield code="c">21 &#xE0B;&#xE21;.</subfield>
  </datafield>
  <datafield tag="505" ind1="2" ind2=" ">
    <subfield code="a">&#xE1A;&#xE17;&#xE17;&#xE35;&#xE48; 1 &#xE01;&#xE33;&#xE40;&#xE19;&#xE34;&#xE14; "&#xE20;&#xE32;&#xE04;&#xE40;&#xE2B;&#xE19;&#xE37;&#xE2D;" &#xE2B;&#xE25;&#xE31;&#xE07;&#xE21;&#xE13;&#xE11;&#xE25;&#xE1E;&#xE32;&#xE22;&#xE31;&#xE1E;&#xE2A;&#xE25;&#xE32;&#xE22;&#xE15;&#xE31;&#xE27; &#xE1B;&#xE23;&#xE30;&#xE01;&#xE2D;&#xE1A;&#xE23;&#xE48;&#xE32;&#xE07;&#xE20;&#xE32;&#xE22;&#xE43;&#xE15;&#xE49;&#xE23;&#xE30;&#xE1A;&#xE2D;&#xE1A;&#xE43;&#xE2B;&#xE21;&#xE48; (&#xE1E;.&#xE28;.2475-2484) -- &#xE1A;&#xE17;&#xE17;&#xE35;&#xE48; 2 &#xE14;&#xE2D;&#xE01;&#xE44;&#xE21;&#xE49;&#xE44;&#xE1F;&#xE43;&#xE19;&#xE2A;&#xE07;&#xE04;&#xE23;&#xE32;&#xE21;&#xE40;&#xE22;&#xE47;&#xE19; &#xE01;&#xE32;&#xE23;&#xE01;&#xE48;&#xE2D;&#xE23;&#xE39;&#xE1B;&#xE20;&#xE32;&#xE04;&#xE40;&#xE2B;&#xE19;&#xE37;&#xE2D;&#xE22;&#xE32;&#xE21;&#xE2A;&#xE07;&#xE04;&#xE23;&#xE32;&#xE21;&#xE42;&#xE25;&#xE01;&#xE04;&#xE23;&#xE31;&#xE49;&#xE07;&#xE17;&#xE35;&#xE48; 2 - &#xE23;&#xE31;&#xE10;&#xE1B;&#xE23;&#xE30;&#xE2B;&#xE32;&#xE23; &#xE1E;.&#xE28;.2500 (&#xE1E;.&#xE28;.2484-2500) -- &#xE1A;&#xE17;&#xE17;&#xE35;&#xE48; 3 &#xE2D;&#xE32;&#xE13;&#xE32;&#xE19;&#xE34;&#xE04;&#xE21;&#xE41;&#xE1A;&#xE1A;&#xE2A;&#xE07;&#xE04;&#xE23;&#xE32;&#xE21;&#xE40;&#xE22;&#xE47;&#xE19;&#xE43;&#xE19;&#xE20;&#xE32;&#xE04;&#xE40;&#xE2B;&#xE19;&#xE37;&#xE2D; (&#xE1E;.&#xE28;.2500-2525) -- &#xE1A;&#xE17;&#xE17;&#xE35;&#xE48; 4 &#xE01;&#xE32;&#xE23;&#xE01;&#xE25;&#xE32;&#xE22;&#xE40;&#xE1B;&#xE47;&#xE19; "&#xE25;&#xE49;&#xE32;&#xE19;&#xE19;&#xE32;" &#xE01;&#xE31;&#xE1A;&#xE2D;&#xE32;&#xE13;&#xE32;&#xE19;&#xE34;&#xE04;&#xE21;&#xE2A;&#xE07;&#xE04;&#xE23;&#xE32;&#xE21;&#xE40;&#xE22;&#xE47;&#xE19;&#xE17;&#xE35;&#xE48;&#xE2B;&#xE27;&#xE19;&#xE01;&#xE25;&#xE31;&#xE1A; (&#xE1E;.&#xE28;.2525-2557) -- &#xE1A;&#xE17;&#xE17;&#xE35;&#xE48; 5 &#xE2D;&#xE2D;&#xE01;&#xE44;&#xE1B;&#xE08;&#xE32;&#xE01;&#xE28;&#xE39;&#xE19;&#xE22;&#xE4C;&#xE01;&#xE25;&#xE32;&#xE07;&#xE25;&#xE49;&#xE32;&#xE19;&#xE19;&#xE32;-&#xE20;&#xE32;&#xE04;&#xE40;&#xE2B;&#xE19;&#xE37;&#xE2D;.</subfield>
  </datafield>
  <datafield tag="651" ind1=" " ind2="4">
    <subfield code="a">&#xE44;&#xE17;&#xE22;</subfield>
    <subfield code="x">&#xE1B;&#xE23;&#xE30;&#xE27;&#xE31;&#xE15;&#xE34;&#xE28;&#xE32;&#xE2A;&#xE15;&#xE23;&#xE4C;</subfield>
    <subfield code="y">&#xE25;&#xE49;&#xE32;&#xE19;&#xE19;&#xE32;</subfield>
    <subfield code="9">18904</subfield>
  </datafield>
  <datafield tag="651" ind1=" " ind2="4">
    <subfield code="a"> &#xE44;&#xE17;&#xE22; (&#xE20;&#xE32;&#xE04;&#xE40;&#xE2B;&#xE19;&#xE37;&#xE2D;)</subfield>
    <subfield code="x">&#xE1B;&#xE23;&#xE30;&#xE27;&#xE31;&#xE15;&#xE34;&#xE28;&#xE32;&#xE2A;&#xE15;&#xE23;&#xE4C;</subfield>
    <subfield code="9">11939</subfield>
  </datafield>
  <datafield tag="942" ind1=" " ind2=" ">
    <subfield code="c">GB</subfield>
    <subfield code="2">lcc</subfield>
  </datafield>
  <datafield tag="996" ind1=" " ind2=" ">
    <subfield code="a">saiphon.d</subfield>
    <subfield code="b">CATSTF	</subfield>
    <subfield code="c">2024-04-02</subfield>
  </datafield>
  <datafield tag="999" ind1=" " ind2=" ">
    <subfield code="c">104877</subfield>
    <subfield code="d">104877</subfield>
  </datafield>
  <datafield tag="998" ind1=" " ind2=" ">
    <subfield code="j">111</subfield>
    <subfield code="k"> &#xE19;&#xE32;&#xE07;&#xE2A;&#xE32;&#xE27;&#xE1E;&#xE08;&#xE1E;&#xE34;&#xE13;  &#xE1E;&#xE23;&#xE21;&#xE40;&#xE2D;&#xE35;&#xE48;&#xE22;&#xE21;</subfield>
  </datafield>
  <datafield tag="952" ind1=" " ind2=" ">
    <subfield code="0">0</subfield>
    <subfield code="1">0</subfield>
    <subfield code="2">lcc</subfield>
    <subfield code="4">0</subfield>
    <subfield code="7">0</subfield>
    <subfield code="8">CGBL</subfield>
    <subfield code="a">NALT</subfield>
    <subfield code="b">NALT</subfield>
    <subfield code="c">GEN</subfield>
    <subfield code="d">2024-03-14</subfield>
    <subfield code="e">193</subfield>
    <subfield code="l">1</subfield>
    <subfield code="m">1</subfield>
    <subfield code="o">DS 588.N6 &#xE20;522&#xE25; 2566</subfield>
    <subfield code="p">3961222765</subfield>
    <subfield code="r">2024-05-28 00:00:00</subfield>
    <subfield code="s">2024-05-14</subfield>
    <subfield code="w">2024-03-14</subfield>
    <subfield code="y">GB</subfield>
  </datafield>
</record>
